Capital (Record no. 10910)

MARC details
000 -LEADER
fixed length control field 00331nam a22001577a 4500
003 - CONTROL NUMBER IDENTIFIER
control field OSt
008 - FIXED-LENGTH DATA ELEMENTS--GENERAL INFORMATION
fixed length control field 210914b ||||| |||| 00| 0 eng d
020 ## - INTERNATIONAL STANDARD BOOK NUMBER
International Standard Book Number 9788175994140
082 ## - DEWEY DECIMAL CLASSIFICATION NUMBER
Classification number 335.41
Item number MAC
100 ## - MAIN ENTRY--PERSONAL NAME
Personal name MARX,Karl
245 ## - TITLE STATEMENT
Title Capital
250 ## - EDITION STATEMENT
Edition statement Rep
260 ## - PUBLICATION, DISTRIBUTION, ETC. (IMPRINT)
Name of publisher, distributor, etc Fingerprint
Date of publication, distribution, etc 2021
300 ## - PHYSICAL DESCRIPTION
Extent 1392
942 ## - ADDED ENTRY ELEMENTS (KOHA)
Source of classification or shelving scheme Dewey Decimal Classification
Koha item type Text Books
Holdings
Withdrawn status Lost status Source of classification or shelving scheme Damaged status Not for loan Collection code Home library Current library Date acquired Source of acquisition Currency Cost, normal purchase price Bill Number Total Checkouts Full call number Acc. no. / Barcode Date last seen Date last borrowed Actual Cost, discounted price Bill Date Koha item type Public note
    Dewey Decimal Classification     GENERAL PIET C-LIBRARY PIET C-LIBRARY 14/09/2021 Kirti Prakashan Indian Rup 549.00 IN2480 1 335.41 MAC 33200 21/04/2022 13/04/2022 411.75 10/09/2021 Text Books History and Culture

Design & Developed by: PIET Central Library
R70 Miles Stone Pattikalyana Samalkha Panipat 132102
mail ID :- [email protected], Phone No:- 0180-2569700 Ex.216